Consr̤cio de Empregadores Urbanos Flexibilizaȯ̂ com Dignidade e Inclusô Social /

Detalles Bibliográficos
Autor principal: da Silveira, Ana Paula
Formato: eBook
Lenguaje:portugués
Publicado: Belo Horizonte: Initia Via Editora, 2011
Materias:
Acceso en línea:Acceso restringido

MARC

LEADER 00000nam a22000007a 4500
005 20210420223524.0
007 cr|||| ||||
008 210420s2011 br |||||s|||| 00||0 por d
020 |a 978-Ư‐85-Ư‐64912-Ư‐2 
035 |a 33006 
040 |a vLex 
090 |c 11484  |d 11484 
100 1 |a da Silveira, Ana Paula 
245 1 0 |a Consr̤cio de Empregadores Urbanos  |h [Recurso electrn̤ico] :  |b Flexibilizaȯ̂ com Dignidade e Inclusô Social /  |c Ana Paula da Silveira 
256 |a Servicio en ln̕ea 
260 |a Belo Horizonte:  |b Initia Via Editora,  |c 2011 
300 |a 1 recurso electrn̤ico 
506 1 |a Disponible solo en los productos indicados  |d vLex Global  |d vLex Global (Academic Edition, excluding Law Schools)  |d vLex Global (U.S. Academic Edition, Law Schools)  |d vLex Global (U.S. Academic Edition, excluding Law Schools)  |d vLex Global (Academic Edition, Law Schools) 
650 0 4 |a Derecho Laboral y Seguridad Social  |z Brasil 
740 0 |a vLex Libros (Servicio en ln̕ea) 
856 4 0 |u https://vlex.com/source/consorcio-empregadores-urbanos-flexibiliza-o-dignidade-inclus-o-social-33006  |z Acceso restringido 
942 |c BOOK 
999 0 |a Labor law and social security